000 00724nam a2200289Ia 4500
005 20260324112528.0
008 008 260324s9999 xx 000 0 eng d
020 _a9781003006411
037 _aEBOOK
040 _aCRL
040 _beng
040 _cCRL
041 _2eng
041 _aeng
084 _qCRL
100 _aJerome Delhommelle; Caroline Desgranges
_91143077
245 0 _aMolecular Networking
245 0 _bStatistical Mechanics in the Age of AI and Machine Learning
260 _bTaylor and Francis
260 _c2024
365 _a
365 _b260
856 _uhttp://www.taylorfrancis.com/books/9781003006411
942 _cEBOOK
999 _c1732319
_d1732319